=LDR 00000nam 2200000 4500 =001 INLIS000000000004770 =005 20130612093038 =008 ***********************************Ind** =035 ##$$0010-061300000004770 =041 ##$$a Ind =082 ##$$a 620 =090 ##$$a 620, Kus h =100 ##$$a KUSUMA, Singgih =245 ##$$a Hasta Karya: Teknologi tepat guna dan berhasil guna / Singgih Kusuma. -- Cet.4. -- =260 ##$$a 1995 $b Solo : Aneka =300 ##$$a 60 hlm. : ilus. ; 21 cm =650 ##$$a TEKNOLOGI =850 ##$$a NBPNMAT